| 000 | 00558nam a22001575i 4500 | ||
|---|---|---|---|
| 001 | 156512 | ||
| 003 | ES-MaACL | ||
| 005 | 20230906210429.0 | ||
| 008 | 040806s1886 sp |||| | spa d | ||
| 040 |
_aCAM _bspa _cCAM |
||
| 100 | 1 |
_aJurado de Parra, José. _9128402 |
|
| 245 | 1 | 0 |
_aDiego _b: (poema) / _cJ. Jurado de Parra. |
| 260 |
_aMadrid : _blibrería de Fernando Fé, _c1886. |
||
| 300 |
_a107 p. ; _c19 cm. |
||
| 852 |
_aES-MaACL _jT-607-F-3 _z-- Enc. hol., conservando la enc. original _z-- Ded. ms. del autor al Ateneo _z-- Enc. en un vol. facticio |
||
| 999 |
_c156512 _d156512 |
||